Statistics for 四国の主要都市

Click here to take the quiz!

General Stats

  • This quiz has been taken 492 times
  • The average score is 9 of 10

Answer Stats

人口Answer% Correct
愛媛516,647松山
99%
香川420,698高松
99%
高知338,887高知
99%
徳島262,351徳島
99%
愛媛160,957今治
90%
香川110,386丸亀
81%
愛媛80,107宇和島
77%
愛媛88,224四国中央
76%
愛媛119,628新居浜
70%
愛媛110,144西条
64%

Score Distribution

Percentile by Number Answered

Percent of People with Each Score

Your Score History

You have not taken this quiz